| 000 -LEADER |
| fixed length control field |
01402cam a22003617a 4500 |
| 001 - CONTROL NUMBER |
| control field |
12745833 |
| 003 - CONTROL NUMBER IDENTIFIER |
| control field |
Nust |
| 005 - DATE AND TIME OF LATEST TRANSACTION |
| control field |
20170209125039.0 |
| 008 - FIXED-LENGTH DATA ELEMENTS--GENERAL INFORMATION |
| fixed length control field |
020201s2002 ii a 000 0 eng |
| 010 ## - LIBRARY OF CONGRESS CONTROL NUMBER |
| LC control number |
2002314356 |
| 020 ## - INTERNATIONAL STANDARD BOOK NUMBER |
| International Standard Book Number |
817017399X |
| 025 ## - OVERSEAS ACQUISITION NUMBER |
| Overseas acquisition number |
I-E-2002-314356; 25 |
| 035 ## - SYSTEM CONTROL NUMBER |
| System control number |
(DLC) 2002314356 |
| 037 ## - SOURCE OF ACQUISITION |
| Source of stock number/acquisition |
Library of Congress -- New Delhi Overseas Office |
| Terms of availability |
Rs400.00 |
| 040 ## - CATALOGING SOURCE |
| Original cataloging agency |
DLC |
| Transcribing agency |
DLC |
| Modifying agency |
DLC |
| 041 1# - LANGUAGE CODE |
| Language code of text/sound track or separate title |
engurd |
| Language code of original |
urd |
| 042 ## - AUTHENTICATION CODE |
| Authentication code |
lcode |
| 050 00 - LIBRARY OF CONGRESS CALL NUMBER |
| Classification number |
MLCS 2002/00018 (P) |
| -- |
PK2199.F255 |
| 082 ## - DEWEY DECIMAL CLASSIFICATION NUMBER |
| Classification number |
891.43917 |
| Author Mark |
FIA |
| 100 1# - MAIN ENTRY--PERSONAL NAME |
| Personal name |
Faiz̤, Faiz̤ Aḥmad, |
| Dates associated with a name |
1911-1984. |
| 240 10 - UNIFORM TITLE |
| Uniform title |
Works. |
| Form subheading |
Selections. |
| Language of a work |
English & Urdu. |
| Date of a work |
2002 |
| 245 10 - TITLE STATEMENT |
| Title |
100 poems by Faiz Ahmed Faiz, 1911-1984 / |
| Statement of responsibility, etc. |
translated from the original Urdu by Sarvat Rahman. |
| 246 3# - VARYING FORM OF TITLE |
| Title proper/short title |
One Hundread poems by Faiz Ahmed Faiz, 1911-1984 |
| 260 ## - PUBLICATION, DISTRIBUTION, ETC. |
| Place of publication, distribution, etc. |
New Delhi : |
| Name of publisher, distributor, etc. |
Abhinav Publications, |
| Date of publication, distribution, etc. |
2002. |
| 300 ## - PHYSICAL DESCRIPTION |
| Extent |
344 p. : |
| Other physical details |
ill. ; |
| Dimensions |
22 cm. |
| 500 ## - GENERAL NOTE |
| General note |
"Glossary of Urdu words in roman script": p. 303-344. |
| 546 ## - LANGUAGE NOTE |
| Language note |
English and Urdu |
| Information code or alphabet |
(Urdu also in roman). |
| 600 10 - SUBJECT ADDED ENTRY--PERSONAL NAME |
| Personal name |
Faiz̤, Faiz̤ Aḥmad, |
| Dates associated with a name |
1911-1984 |
| Form subdivision |
Translations into English. |
| 700 1# - ADDED ENTRY--PERSONAL NAME |
| Personal name |
Rahman, Sarvat. |
| 856 42 - ELECTRONIC LOCATION AND ACCESS |
| Materials specified |
Publisher description |
| Uniform Resource Identifier |
<a href="http://www.loc.gov/catdir/enhancements/fy0659/2002314356-d.html">http://www.loc.gov/catdir/enhancements/fy0659/2002314356-d.html</a> |
| 906 ## - LOCAL DATA ELEMENT F, LDF (RLIN) |
| a |
7 |
| b |
cbc |
| c |
origode |
| d |
5 |
| e |
ncip |
| f |
20 |
| g |
y-gencatlg |
| 942 ## - ADDED ENTRY ELEMENTS (KOHA) |
| Source of classification or shelving scheme |
|
| Koha item type |
Book |